| 000 | 00694nam a22002177a 4500 | ||
|---|---|---|---|
| 999 |
_c14896 _d14896 |
||
| 003 | AR-CdUCM | ||
| 008 | 190425b ||||| |||| 00| 0 spa d | ||
| 020 | _a978-1-4748-2752-2 | ||
| 040 |
_aMUNICIPALIDAD PROVINCIAL DEL CUSCO _cBIBLIOTECA MUNICIPAL DEL CUSCO |
||
| 082 |
_aEP / 590.7 / _bP26 / e.2 |
||
| 100 |
_aParker, Steve _933858 |
||
| 245 | _aViaje por el fascinante mundo de los animales salvajes / | ||
| 260 |
_aBarcelona : _bParragon books, _c2016. |
||
| 300 |
_a127 páginas ; _c25 cm. _bIlustración |
||
| 440 |
_aDiverdidáctica _933859 |
||
| 650 |
_aAnimales _9917 |
||
| 650 |
_aSalvajes _933860 |
||
| 650 |
_aInfancia _95236 |
||
| 942 |
_2ddc _cLIBROS |
||
| 945 |
_arah _d25/04/2019 |
||